Mathematical Analysis (Record no. 10647)

MARC details
000 -LEADER
fixed length control field 00381nam a22001697a 4500
003 - CONTROL NUMBER IDENTIFIER
control field OSt
008 - FIXED-LENGTH DATA ELEMENTS--GENERAL INFORMATION
fixed length control field 210520b ||||| |||| 00| 0 eng d
020 ## - INTERNATIONAL STANDARD BOOK NUMBER
International Standard Book Number 9789385923869
100 ## - MAIN ENTRY--PERSONAL NAME
Personal name MALIK,SC
245 ## - TITLE STATEMENT
Title Mathematical Analysis
250 ## - EDITION STATEMENT
Edition statement 5th
260 ## - PUBLICATION, DISTRIBUTION, ETC. (IMPRINT)
Place of publication, distribution, etc New Delhi
Name of publisher, distributor, etc New Age
Date of publication, distribution, etc 2020
300 ## - PHYSICAL DESCRIPTION
Extent 870
650 ## - SUBJECT ADDED ENTRY--TOPICAL TERM
Topical term or geographic name as entry element Applied Sc
700 ## - ADDED ENTRY--PERSONAL NAME
Personal name ARORA,Savita
942 ## - ADDED ENTRY ELEMENTS (KOHA)
Source of classification or shelving scheme Dewey Decimal Classification
Koha item type Text Books
942 ## - ADDED ENTRY ELEMENTS (KOHA)
-- 8
Holdings
Withdrawn status Lost status Source of classification or shelving scheme Damaged status Not for loan Collection code Home library Current library Date acquired Source of acquisition Currency Cost, normal purchase price Bill Number Total Checkouts Full call number Acc. no. / Barcode Date last seen Actual Cost, discounted price Bill Date Koha item type Date last borrowed
    Dewey Decimal Classification     Applied Sc. PIET C-LIBRARY PIET C-LIBRARY 15/04/2021 Kirti Praskshan IN Rupees 599.00 IN2047   510 MAM 32865 20/05/2021 419.30 15/04/2021 Reference Books  
    Dewey Decimal Classification     Applied Sc. PIET C-LIBRARY PIET C-LIBRARY 15/04/2021 Kirti Praskshan IN Rupees 599.00 IN2047 2 510 MAM 32866 14/11/2022 419.30 15/04/2021 Text Books 31/10/2022
    Dewey Decimal Classification     Applied Sc. PIET C-LIBRARY PIET C-LIBRARY 15/04/2021 Kirti Praskshan IN Rupees 599.00 IN2047 2 510 MAM 32867 09/11/2022 419.30 15/04/2021 Text Books 28/10/2022
    Dewey Decimal Classification     Applied Sc. PIET C-LIBRARY PIET C-LIBRARY 15/04/2021 Kirti Praskshan IN Rupees 599.00 IN2047 4 510 MAM 32868 17/12/2025 419.30 15/04/2021 Text Books 08/08/2025
    Dewey Decimal Classification     Applied Sc. PIET C-LIBRARY PIET C-LIBRARY 15/04/2021 Kirti Praskshan IN Rupees 599.00 IN2047 1 510 MAM 32869 15/11/2022 419.30 15/04/2021 Text Books 09/09/2022

Design & Developed by: PIET Central Library
R70 Miles Stone Pattikalyana Samalkha Panipat 132102
mail ID :- [email protected], Phone No:- 0180-2569700 Ex.216